000
00294nam a22001337a 4500
008
170907b xxu||||| |||| 00| 0 eng d
020
_a
9780442010263
041
_a
eng
080
_a
72
100
_a
41
101
_a
ARK
245
_a
ARCHITECTURAL PROGRAMMING
_c
DUERK, D.P
942
_2
udc
_c
BK
999
_c
26497
_d
26497